|
|
|
|
| LEADER |
01064nam a22002892a 4500 |
| 001 |
001415368 |
| 003 |
CZ BrMZK |
| 005 |
20140827092337.0 |
| 007 |
ta |
| 008 |
140827s1958 xr er|||||||||||cze d |
| 015 |
|
|
|a cnb000513393
|
| 035 |
|
|
|a (OCoLC)85322031
|
| 040 |
|
|
|a ABA001
|b cze
|c ULG001
|d ABA001
|d BOA001
|
| 100 |
1 |
|
|a Vyskočil, Jiří,
|d 1922-2003
|7 jk01151231
|4 aut
|
| 245 |
1 |
0 |
|a Posuzování pracovní schopnosti u nemocí cest dýchacích, plic a pohrudnice /
|c Jiří Vyskočil
|
| 250 |
|
|
|a 1. vyd.
|
| 260 |
|
|
|a Praha :
|b Státní zdravotnické nakladatelství,
|c 1958
|
| 300 |
|
|
|a 111 s.
|
| 490 |
1 |
|
|a Zdravotnické aktuality ;
|v sv. 127
|
| 504 |
|
|
|a Obsahuje bibliografii
|
| 550 |
|
|
|a Vydavatel: Ministerstvo zdravotnictví
|
| 710 |
1 |
|
|a Československo.
|b Ministerstvo zdravotnictví
|7 nlk20040156125
|
| 830 |
|
0 |
|a Zdravotnické aktuality (Státní zdravotnické nakladatelství)
|
| 910 |
|
|
|a BOA001
|b 2-0409.937
|
| 990 |
|
|
|a BK
|
| 991 |
|
|
|b 201408
|
| 996 |
6 |
|
|b 2619125007
|c 2-0409.937
|l MZK
|r Sklad / do 24 hodin
|n 0
|w 001450543
|u 000010
|a 1
|e BOA001
|j MZK50
|s P
|